[Event "DVM U14w 2015"]
[Site "Magdeburg GER"]
[Date "2015.12.29"]
[Round "6"]
[White "Zhou, Lepu Coco"]
[Black "Riegel, Arinna"]
[Result "0-1"]
[Termination "normal"]
[Board "2.4"]
[WhiteElo "1050"]
[BlackElo "1691"]
[WhiteClock "00:36:40"]
[BlackClock "00:59:31"]
[WhiteTeam "Schachpinguine Berlin"]
[BlackTeam "SK Langen"]
[PlyCount "138"]
[WhiteFideId "16217136"]
[BlackFideId "12931446"]
[EventCountry "GER"]
[EventRounds "7"]
[EventType "team-swiss"]
[EventDate "2015.12.26"]

1. e4 d5 2. exd5 Qxd5 3. Nc3 Qd6 4. Nf3 Nf6 5. Be2 c6 6. O-O Bg4 7. d4 e6 8.
Be3 Nbd7 9. Qd2 Qc7 10. Bf4 Bd6 11. Bxd6 Qxd6 12. Rad1 O-O 13. Ng5 h6 14. Nce4
Qc7 15. Bxg4 Nxg4 16. g3 Ngf6 17. Rfe1 Rfd8 18. Qd3 Rac8 19. Nxf6+ Nxf6 20. Ne4
Nd5 21. c4 Nb6 22. c5 Nd5 23. Qb3 Rb8 24. Qc4 b6 25. cxb6 axb6 26. Rc1 c5 27.
dxc5 bxc5 28. b3 Qa5 29. Nxc5 Qxa2 30. Ra1 Qd2 31. Ne4 Qb4 32. Qxb4 Rxb4 33.
Nc5 Rb5 34. Nxe6 fxe6 35. Rxe6 Nf6 36. Rb1 Rd3 37. Re3 Rxe3 38. fxe3 Nd5 39.
Kf2 Nc3 40. Ra1 Rxb3 41. Ra8+ Kh7 42. Rd8 Ne4+ 43. Kf3 Ng5+ 44. Ke2 Rb2+ 45.
Kd3 Rxh2 46. Rd4 h5 47. Rh4 Rxh4 48. gxh4 Nf3 49. e4 Kg6 50. Ke3 Nxh4 51. Kf4
Kf6 52. e5+ Ke6 53. Kg5 Nf3+ 54. Kxh5 Nxe5 55. Kg5 g6 56. Kf4 Kf6 57. Ke4 g5
58. Ke3 Kf5 59. Kf2 Kf4 60. Kg2 g4 61. Kf2 g3+ 62. Kg2 Nd3 63. Kf1 Kf3 64. Kg1
g2 65. Kh2 Kf2 66. Kh3 g1=Q 67. Kh4 Ne5 68. Kh5 Qg6+ 69. Kh4 Qg4# 0-1

[Event "DVM U14w 2015"]
[Site "Magdeburg GER"]
[Date "2015.12.29"]
[Round "6"]
[White "Fromm, Katja"]
[Black "Bui, Ngoc Han Julia"]
[Result "1-0"]
[Termination "normal"]
[Board "3.1"]
[WhiteElo "1653"]
[BlackElo "1600"]
[WhiteTeam "Muldental Wilkau-Haßlau"]
[BlackTeam "SV Dresden-Leuben"]
[PlyCount "115"]
[WhiteFideId "12929409"]
[BlackFideId "12977055"]
[EventCountry "GER"]
[EventRounds "7"]
[EventType "team-swiss"]
[EventDate "2015.12.26"]

1. d4 Nf6 2. c4 g6 3. Nf3 Bg7 4. Nc3 d5 5. Bf4 O-O 6. Rc1 Nh5 7. Nxd5 Nxf4 8.
Nxf4 c5 9. e3 Qa5+ 10. Qd2 Qxa2 11. Be2 Nc6 12. O-O Rd8 13. Nd5 Qa5 14. Nxe7+
Kf8 15. Qxa5 Nxa5 16. Nd5 Bg4 17. Rfd1 Bxf3 18. Bxf3 cxd4 19. b4 Nc6 20. b5 Na5
21. exd4 Nb3 22. Rc3 Nxd4 23. Rcd3 Nxf3+ 24. gxf3 Rac8 25. Ne3 Rxd3 26. Rxd3
Ke8 27. Kf1 h5 28. Ke2 Be5 29. h3 Ke7 30. f4 Bb8 31. f5 g5 32. Rd5 b6 33. Rd1
f6 34. Nd5+ Kf7 35. Kd3 g4 36. hxg4 hxg4 37. Rg1 Rg8 38. Ne3 g3 39. fxg3 Rxg3
40. Rxg3 Bxg3 41. Ke4 Ke8 42. Kd5 Kd7 43. Nc2 Kc7 44. Nd4 Kb7 45. Nf3 a5 46.
bxa6+ Kxa6 47. Ke6 b5 48. cxb5+ Kxb5 49. Kxf6 Bd6 50. Ke6 Ba3 51. f6 Kc6 52.
Nd4+ Kb6 53. f7 Bf8 54. Kd7 Kb7 55. Ke8 Bb4 56. Nf5 Kc7 57. Ne7 Bxe7 58. Kxe7
1-0

[Event "DVM U14w 2015"]
[Site "Magdeburg GER"]
[Date "2015.12.29"]
[Round "6"]
[White "Arnhold, Steffi"]
[Black "Böhle, Rebecca"]
[Result "0-1"]
[Termination "normal"]
[Board "3.2"]
[WhiteElo "1574"]
[BlackElo "1472"]
[WhiteTeam "SV Dresden-Leuben"]
[BlackTeam "Muldental Wilkau-Haßlau"]
[PlyCount "142"]
[WhiteFideId "12931365"]
[BlackFideId "12963933"]
[EventCountry "GER"]
[EventRounds "7"]
[EventType "team-swiss"]
[EventDate "2015.12.26"]

1. e4 e5 2. Nf3 Nc6 3. Bc4 Bc5 4. c3 Nf6 5. d3 O-O 6. Qe2 d5 7. Bb3 Re8 8. Nbd2
h6 9. Nf1 Be6 10. Bc2 Qd6 11. h3 Rad8 12. Ng3 d4 13. O-O Nh7 14. Bd2 f6 15. Nh4
Ne7 16. Qf3 Ng5 17. Bxg5 fxg5 18. Nhf5 Nxf5 19. exf5 Rf8 20. Qg4 Bd7 21. Rae1
g6 22. Ne4 Qc6 23. Bb3+ Kh7 24. fxg6+ Kxg6 25. Qe2 Rde8 26. Bd1 Kg7 27. Qh5 Bb6
28. c4 Qg6 29. Qxg6+ Kxg6 30. Ng3 Kh7 31. b4 c5 32. a3 cxb4 33. axb4 a5 34. Bh5
Re7 35. Rb1 a4 36. Ra1 Bc7 37. b5 Ra8 38. Ne4 b6 39. Nf6+ Kg7 40. Nd5 Bd6 41.
Nxe7 Bxe7 42. Bf3 Ra7 43. Rfe1 Bd6 44. Be4 a3 45. Kh2 Kf6 46. g3 Bb4 47. Rf1 a2
48. f4 Bc3 49. fxg5+ Kxg5 50. h4+ Kh5 51. Bf3+ Bg4 52. Kg2 Bxf3+ 53. Kxf3 Rf7+
54. Ke4 Rxf1 55. Rxf1 a1=Q 56. Rxa1 Bxa1 57. Kxe5 Bc3 58. Kd5 Kg4 59. c5 bxc5
60. Kxc5 Kf3 61. b6 Be1 62. Kxd4 Bf2+ 63. Ke5 Kg4 64. Ke4 Bxb6 65. d4 h5 66.
Ke3 Kxg3 67. Ke2 Bxd4 68. Kf1 Bc5 69. Ke2 Kg2 70. Kd3 Kf3 71. Kd2 Bf2 0-1

[Event "DVM U14w 2015"]
[Site "Magdeburg GER"]
[Date "2015.12.29"]
[Round "6"]
[White "Von Jan, Lena"]
[Black "Wong, Kar Yan"]
[Result "1/2-1/2"]
[Termination "normal"]
[Board "3.3"]
[WhiteElo "1424"]
[BlackElo "1590"]
[WhiteTeam "Muldental Wilkau-Haßlau"]
[BlackTeam "SV Dresden-Leuben"]
[PlyCount "117"]
[WhiteFideId "12946060"]
[BlackFideId "12971855"]
[EventCountry "GER"]
[EventRounds "7"]
[EventType "team-swiss"]
[EventDate "2015.12.26"]

1. e4 a6 2. d4 e6 3. Bd3 c5 4. c3 d5 5. exd5 Qxd5 6. Qf3 Qxf3 7. Nxf3 Nc6 8.
Be3 Nf6 9. dxc5 Ng4 10. b4 Nxe3 11. fxe3 Be7 12. Nd4 Bd7 13. Be4 f5 14. Bf3 e5
15. Nxc6 Bxc6 16. Bxc6+ bxc6 17. O-O O-O 18. Nd2 g6 19. Nf3 Bf6 20. Rad1 Rfd8
21. Rfe1 g5 22. h3 g4 23. hxg4 fxg4 24. Nh2 h5 25. Nf1 h4 26. Nh2 e4 27. Rxd8+
Rxd8 28. Nxg4 Bxc3 29. Rb1 Rb8 30. a3 a5 31. Rb3 axb4 32. axb4 Bxb4 33. Nf6+
Kf7 34. Nxe4 Ke6 35. Nc3 h3 36. Na2 Kd5 37. Rxb4 Rg8 38. Rb2 Kxc5 39. Kh2 hxg2
40. Rxg2 Re8 41. Rc2+ Kd5 42. Nb4+ Ke4 43. Rxc6 Kxe3 44. Rc3+ Kf2 45. Nd3+ Ke2
46. Nf4+ Kd2 47. Rd3+ Kc2 48. Rg3 Rh8+ 49. Kg1 Rd8 50. Kf2 Rd2+ 51. Kf3 Rd8 52.
Rg5 Rc8 53. Rg2+ Kb3 54. Rg5 Rc3+ 55. Kg4 Rc4 56. Rb5+ Rb4 57. Rd5 Ka4 58. Kf5
Rb5 59. Rxb5 1/2-1/2

[Event "DVM U14w 2015"]
[Site "Magdeburg GER"]
[Date "2015.12.29"]
[Round "6"]
[White "Klemke, Kassandra"]
[Black "Dietzel, Emilie"]
[Result "1-0"]
[Termination "normal"]
[Board "3.4"]
[WhiteElo "1157"]
[BlackElo "1160"]
[WhiteTeam "SV Dresden-Leuben"]
[BlackTeam "Muldental Wilkau-Haßlau"]
[PlyCount "121"]
[WhiteFideId "16217128"]
[BlackFideId "16217144"]
[EventCountry "GER"]
[EventRounds "7"]
[EventType "team-swiss"]
[EventDate "2015.12.26"]

1. e4 c6 2. Nc3 d5 3. d3 e6 4. Nge2 Nf6 5. Ng3 Be7 6. Bf4 c5 7. Be2 Nc6 8. O-O
O-O 9. Bf3 d4 10. Nce2 e5 11. Bd2 Be6 12. Re1 Rc8 13. a3 b6 14. Qb1 Qd7 15. h3
Rb8 16. Kh2 Rfc8 17. Nh5 a5 18. Nxf6+ Bxf6 19. Ng3 g6 20. Qc1 Bg7 21. Rf1 c4
22. Be2 cxd3 23. Bxd3 Na7 24. Qd1 Bc4 25. Rc1 Qb5 26. Bxc4 Rxc4 27. b3 Rc7 28.
f4 Rbc8 29. f5 Rc6 30. a4 Qc5 31. Qf3 Qe7 32. Qg4 Rf8 33. Bg5 Bf6 34. Bh6 Bg7
35. Bxg7 Kxg7 36. Nh5+ Kh8 37. Ng3 Rf6 38. Rf2 Nc8 39. Rcf1 Kg7 40. Nh5+ Kg8
41. Nxf6+ Qxf6 42. fxg6 Qxg6 43. Qxg6+ hxg6 44. Rf6 Kg7 45. R6f3 Nd6 46. Re1
Rc8 47. Rf2 Rc7 48. g4 Rc3 49. h4 Re3 50. Rxe3 dxe3 51. Re2 Nxe4 52. Rxe3 Nf6
53. Kg3 Nd7 54. Kf3 f6 55. Rd3 Nc5 56. Rd6 Kf7 57. Rxb6 Ne6 58. b4 axb4 59.
Rxb4 Nd4+ 60. Rxd4 exd4 61. a5 1-0

[Event "DVM U14w 2015"]
[Site "Magdeburg GER"]
[Date "2015.12.29"]
[Round "6"]
[White "Kublanov, Elizabeth"]
[Black "Rudolph, Eva"]
[Result "1-0"]
[Termination "normal"]
[Board "4.1"]
[WhiteElo "1414"]
[BlackElo "1562"]
[WhiteTeam "SG Solingen"]
[BlackTeam "Düsseldorfer SK 14/25"]
[PlyCount "117"]
[WhiteFideId "12944564"]
[BlackFideId "16200594"]
[EventCountry "GER"]
[EventRounds "7"]
[EventType "team-swiss"]
[EventDate "2015.12.26"]

1. e4 e5 2. Bc4 Nf6 3. d3 Be7 4. f4 d6 5. Nf3 exf4 6. Bxf4 c6 7. Nc3 O-O 8. d4
Nbd7 9. O-O Nb6 10. Bd3 d5 11. e5 Ne8 12. Qe1 Nc7 13. Qg3 Re8 14. Ng5 g6 15.
Qh4 h5 16. Be3 Ne6 17. Nxe6 Bxh4 18. Nxd8 Rxd8 19. b3 a5 20. a4 Be7 21. Ne2 Re8
22. c3 Be6 23. Rf2 Rac8 24. Raf1 c5 25. Bb5 Red8 26. Nf4 cxd4 27. Bxd4 Nd7 28.
Nxe6 fxe6 29. Rf7 Bc5 30. Bxd7 Bxd4+ 31. cxd4 Rc7 32. Bxe6 Rc6 33. Rf8+ Kg7 34.
Rxd8 Rxe6 35. Rxd5 Re8 36. Rd7+ Kh6 37. Rxb7 Rd8 38. e6 Rxd4 39. Re1 Rd8 40. e7
Re8 41. Rd7 Kg7 42. Rd8 Kf7 43. Rxe8 Kxe8 44. Kf2 g5 45. Kf3 g4+ 46. Kf4 h4 47.
Kxg4 h3 48. Kxh3 Kd7 49. e8=Q+ Kd6 50. Rd1+ Kc5 51. Qc8+ Kb4 52. Qc4+ Ka3 53.
g4 Ka2 54. g5 Ka3 55. g6 Ka2 56. g7 Ka3 57. g8=Q Ka2 58. Qg2+ Ka3 59. Ra1# 1-0

[Event "DVM U14w 2015"]
[Site "Magdeburg GER"]
[Date "2015.12.29"]
[Round "6"]
[White "Paulweber, Lara Maria"]
[Black "Berelowitsch, Dana"]
[Result "1/2-1/2"]
[Termination "normal"]
[Board "4.2"]
[WhiteElo "1404"]
[BlackElo "1399"]
[WhiteTeam "Düsseldorfer SK 14/25"]
[BlackTeam "SG Solingen"]
[PlyCount "62"]
[WhiteFideId "12954411"]
[BlackFideId "12977144"]
[EventCountry "GER"]
[EventRounds "7"]
[EventType "team-swiss"]
[EventDate "2015.12.26"]

1. d4 d5 2. Nf3 Nf6 3. Bf4 c5 4. e3 Qb6 5. Qc1 Bf5 6. Nbd2 Nc6 7. c3 Rc8 8. Nb3
e6 9. h3 h6 10. Be2 Be7 11. O-O O-O 12. Re1 Rfe8 13. Bd1 cxd4 14. exd4 Nb4 15.
Ne5 Bd6 16. a3 Bxe5 17. axb4 Bc7 18. Bxc7 Rxc7 19. Bc2 Bxc2 20. Qxc2 a6 21. Nc5
Nd7 22. Nxd7 Rxd7 23. Qd3 Qc6 24. Ra5 Qb6 25. Rea1 Rc7 26. b5 Rec8 27. R1a2
axb5 28. Qxb5 Qxb5 29. Rxb5 Kf8 30. Kf1 Ke7 31. Ke2 Kf6 1/2-1/2

[Event "DVM U14w 2015"]
[Site "Magdeburg GER"]
[Date "2015.12.29"]
[Round "6"]
[White "Kublanov, Carolin"]
[Black "Sokolowski, Judith"]
[Result "0-1"]
[Termination "normal"]
[Board "4.3"]
[WhiteElo "1607"]
[BlackElo "1217"]
[WhiteTeam "SG Solingen"]
[BlackTeam "Düsseldorfer SK 14/25"]
[PlyCount "108"]
[WhiteFideId "12944548"]
[BlackFideId "16200624"]
[EventCountry "GER"]
[EventRounds "7"]
[EventType "team-swiss"]
[EventDate "2015.12.26"]

1. e4 d5 2. exd5 Qxd5 3. Nc3 Qd6 4. Bc4 a6 5. d3 e6 6. Nf3 Nf6 7. O-O Be7 8.
Be3 O-O 9. Qd2 b5 10. Bb3 Bb7 11. Qe2 c5 12. h3 Nc6 13. Ne4 Nxe4 14. dxe4 c4
15. Rad1 Qc7 16. Bxc4 bxc4 17. Qxc4 Rfc8 18. Qb3 Na5 19. Qb6 Nc4 20. Qxc7 Rxc7
21. Bf4 e5 22. Nxe5 Bd6 23. Nxc4 Bxf4 24. Rd4 f6 25. Nb6 Rb8 26. g3 Be5 27. Rb4
Bxe4 28. Rxe4 Rxb6 29. Rfe1 Rxb2 30. c4 Rxa2 31. c5 Ra5 32. c6 Rc5 33. f4 Bd6
34. Rd4 R5xc6 35. Rde4 Rc1 36. Rxc1 Rxc1+ 37. Kf2 a5 38. Ra4 Bb4 39. Ke3 Rc3+
40. Kf2 Ra3 41. Rxa5 Rxa5 42. Kf3 Ra3+ 43. Kg4 g6 44. h4 h5+ 45. Kh3 Be1 46. f5
Rxg3+ 47. Kh2 gxf5 48. Kh1 Kf7 49. Kh2 Ke6 50. Kh1 Ke5 51. Kh2 Kf4 52. Kh1 Kf3
53. Kh2 Kf2 54. Kh1 Rh3# 0-1

[Event "DVM U14w 2015"]
[Site "Magdeburg GER"]
[Date "2015.12.29"]
[Round "6"]
[White "Kogan, Dina Rachel"]
[Black "Möller, Laura"]
[Result "0-1"]
[Termination "normal"]
[Board "4.4"]
[WhiteElo "1200"]
[BlackElo "1696"]
[WhiteTeam "Düsseldorfer SK 14/25"]
[BlackTeam "SG Solingen"]
[PlyCount "128"]
[WhiteFideId "16200608"]
[BlackFideId "12911720"]
[EventCountry "GER"]
[EventRounds "7"]
[EventType "team-swiss"]
[EventDate "2015.12.26"]

1. e4 c5 2. Nc3 Nc6 3. d3 g6 4. Be3 b6 5. f4 Bg7 6. Qd2 Nf6 7. e5 Ng4 8. Be2
Nxe3 9. Qxe3 O-O 10. Nf3 d5 11. d4 c4 12. O-O Bf5 13. Nh4 Bc8 14. f5 a6 15. Rf3
gxf5 16. Nxf5 Bxf5 17. Rxf5 Kh8 18. Raf1 f6 19. e6 Qd6 20. Rxd5 Qb8 21. Bxc4 b5
22. Bd3 Nb4 23. Rh5 Nxd3 24. Qxd3 h6 25. Qe3 Qd6 26. Rf3 Rfd8 27. Rg3 Qxd4 28.
Qxd4 Rxd4 29. Nd5 Rd1+ 30. Kf2 Re8 31. Nf4 Kh7 32. Rd3 Ra1 33. Ra3 Rd8 34. Ke2
Rb1 35. Rb3 Rdd1 36. Nd3 Rg1 37. Kf3 Rgf1+ 38. Kg4 Rbd1 39. Ra3 Rd2 40. Nf4
Rxc2 41. b3 Rc6 42. Rd5 Re1 43. Kf5 Re5+ 44. Rxe5 fxe5 45. Nd3 e4 46. Nf4 e3
47. Ra5 Bc3 48. Ra3 Bb4 49. Rxa6 Rxa6 50. h4 Rxa2 51. g4 e2 52. Nxe2 Rxe2 53.
g5 hxg5 54. hxg5 Kg7 55. g6 Re3 56. Kf4 Rxb3 57. Kf5 Rc3 58. Kg5 Bc5 59. Kf5 b4
60. Kg5 b3 61. Kf5 b2 62. Kf4 b1=Q 63. Ke5 Bd6+ 64. Kd4 Qb4+ 0-1

[Event "DVM U14w 2015"]
[Site "Magdeburg GER"]
[Date "2015.12.29"]
[Round "6"]
[White "Walow, Xenia"]
[Black "Kolb, Verena"]
[Result "1/2-1/2"]
[Termination "normal"]
[Board "5.1"]
[WhiteElo "1532"]
[BlackElo "1800"]
[WhiteTeam "SK Blauer Springer Paderborn 1926"]
[BlackTeam "SC Erlangen 48/88"]
[PlyCount "102"]
[WhiteFideId "12971839"]
[BlackFideId "12992313"]
[EventCountry "GER"]
[EventRounds "7"]
[EventType "team-swiss"]
[EventDate "2015.12.26"]

1. d4 d5 2. Nf3 Nf6 3. Bf4 Bf5 4. e3 e6 5. Bd3 Bxd3 6. Qxd3 c6 7. c3 Bd6 8. Bg3
Ne4 9. Nbd2 Nxg3 10. hxg3 h6 11. g4 Rg8 12. Qh7 Kd7 13. O-O-O Na6 14. e4 Qf8
15. exd5 cxd5 16. Qd3 Rc8 17. Kb1 Kc7 18. Nb3 Kb8 19. Na5 Nc7 20. Qc2 Qe8 21.
g5 Qb5 22. Nb3 hxg5 23. Nxg5 Qd7 24. Nf3 Rh8 25. Rh7 Rcg8 26. Rdh1 Rxh7 27.
Qxh7 Qe8 28. Qh5 g6 29. Qg5 Kc8 30. Ne5 Rf8 31. Qe3 Na6 32. Rh7 Nb8 33. Nd2 Nd7
34. Ndf3 Nf6 35. Rh1 Nd7 36. Re1 Rh8 37. Nxd7 Qxd7 38. Ne5 Qe8 39. Nxg6 fxg6
40. Qxe6+ Qxe6 41. Rxe6 Kc7 42. Rxg6 Be7 43. Kc2 Rh5 44. f4 Bd6 45. g3 Rh2+ 46.
Kb3 Rg2 47. Rg7+ Kc6 48. Rg6 Kc7 49. Rg7+ Kc6 50. Rg6 Kc7 51. Rg7+ Kc6 1/2-1/2

[Event "DVM U14w 2015"]
[Site "Magdeburg GER"]
[Date "2015.12.29"]
[Round "6"]
[White "Du, Jessica"]
[Black "Möller, Lisa-Marie"]
[Result "0-1"]
[Termination "normal"]
[Board "5.2"]
[WhiteElo "1188"]
[BlackElo "1486"]
[WhiteTeam "SC Erlangen 48/88"]
[BlackTeam "SK Blauer Springer Paderborn 1926"]
[PlyCount "120"]
[WhiteFideId "12988529"]
[BlackFideId "12959367"]
[EventCountry "GER"]
[EventRounds "7"]
[EventType "team-swiss"]
[EventDate "2015.12.26"]

1. e4 c5 2. Nf3 a6 3. d4 cxd4 4. Nxd4 Nf6 5. Nc3 e5 6. Nf3 Bb4 7. Bd2 O-O 8.
Bd3 d5 9. Ng5 h6 10. Nh3 Bxc3 11. Bxc3 dxe4 12. Bc4 Qxd1+ 13. Rxd1 Bxh3 14.
gxh3 Nc6 15. Kd2 Rad8+ 16. Kc1 Nd4 17. Rhg1 b5 18. Bb3 Ne2+ 19. Kb1 Nxg1 20.
Rxg1 Rfe8 21. a4 Nd5 22. Ba5 Rd7 23. Re1 Nf6 24. axb5 axb5 25. Bc3 Ra7 26. Kc1
Rd8 27. Kb1 Rda8 28. Kc1 Ra1+ 29. Kd2 Rxe1 30. Kxe1 Re8 31. Ke2 Nh5 32. Ke3 Nf4
33. Kxe4 Nxh3 34. Ke3 Ng5 35. Bb4 Ne6 36. c4 Nd4 37. Bd1 bxc4 38. Bc3 Ra8 39.
f4 exf4+ 40. Kxd4 Rd8+ 41. Ke4 Rxd1 42. Kxf4 f6 43. Kg3 Kf7 44. Kf4 Rh1 45. Kg3
Ke6 46. Kg2 Rc1 47. Kf3 Kd5 48. Kf4 Rh1 49. Kg3 Ke4 50. Kg2 Rc1 51. Kf2 Rxc3
52. bxc3 Kd3 53. Ke1 Kxc3 54. Kd1 Kb2 55. Kd2 c3+ 56. Ke3 c2 57. Kd4 c1=Q 58.
Kd5 f5 59. Ke5 f4 60. Ke4 Qe3+ 0-1

[Event "DVM U14w 2015"]
[Site "Magdeburg GER"]
[Date "2015.12.29"]
[Round "6"]
[White "Kesselmeier, Olivia"]
[Black "Eisenburger, Melissa"]
[Result "1/2-1/2"]
[Termination "normal"]
[Board "5.3"]
[WhiteElo "1078"]
[BlackElo "1181"]
[WhiteTeam "SK Blauer Springer Paderborn 1926"]
[BlackTeam "SC Erlangen 48/88"]
[PlyCount "112"]
[WhiteFideId "16211472"]
[BlackFideId "16217209"]
[EventCountry "GER"]
[EventRounds "7"]
[EventType "team-swiss"]
[EventDate "2015.12.26"]

1. c4 e5 2. Nc3 Bc5 3. g3 Nf6 4. Bg2 c6 5. e3 d5 6. d4 exd4 7. exd4 Bb4 8. cxd5
Nxd5 9. Bd2 Bxc3 10. Bxc3 O-O 11. Ne2 Re8 12. O-O Bg4 13. f3 Ne3 14. Qd3 Nxf1
15. Rxf1 Be6 16. b3 Nd7 17. Re1 Ne5 18. Qd2 Ng6 19. Nf4 Nxf4 20. Qxf4 Re7 21.
Rd1 h6 22. Bb4 Rd7 23. Bc3 Qb6 24. Qe3 Rad8 25. f4 c5 26. Qe5 cxd4 27. Ba5 d3+
28. Bxb6 axb6 29. Rd2 Rc8 30. Qe3 Rc1+ 31. Kf2 Rc2 32. Be4 Rxd2+ 33. Qxd2 Kf8
34. Bxd3 Bf5 35. Ke1 Bxd3 36. Qb4+ Re7+ 37. Kd2 Bb1 38. a3 Be4 39. Qxb6 Rd7+
40. Kc3 Rd3+ 41. Kc4 Ke7 42. Qc5+ Rd6 43. Qe5+ Re6 44. Qxg7 Rc6+ 45. Kd4 Bg6
46. Qe5+ Kd7 47. Qb5 Kc7 48. Qe5+ Kd7 49. Kd5 f6 50. Qe3 Bf7+ 51. Kd4 Rd6+ 52.
Kc3 Bg6 53. Kb4 Re6 54. Qd4+ Rd6 55. Qc5 Rc6 56. Qd5+ Kc7 1/2-1/2

[Event "DVM U14w 2015"]
[Site "Magdeburg GER"]
[Date "2015.12.29"]
[Round "6"]
[White "Strobel, Joanna"]
[Black "Rust, Emily"]
[Result "1-0"]
[Termination "normal"]
[Board "5.4"]
[WhiteElo "1023"]
[BlackElo "910"]
[WhiteTeam "SC Erlangen 48/88"]
[BlackTeam "SK Blauer Springer Paderborn 1926"]
[PlyCount "73"]
[WhiteFideId "16217217"]
[BlackFideId "16211499"]
[EventCountry "GER"]
[EventRounds "7"]
[EventType "team-swiss"]
[EventDate "2015.12.26"]

1. e4 d5 2. exd5 Qxd5 3. Nc3 Qd8 4. Bc4 Nf6 5. d4 Bf5 6. Nf3 e6 7. Bg5 h6 8.
Bh4 Bd6 9. O-O g5 10. Bg3 g4 11. Ne5 Nc6 12. Bb5 a6 13. Nxc6 bxc6 14. Bxc6+ Nd7
15. Bxa8 Qxa8 16. Re1 Nb6 17. a4 O-O 18. Qd2 Nd5 19. Na2 Bxg3 20. hxg3 Re8 21.
Kh2 Nb6 22. Nc3 Kg7 23. b3 Qc6 24. Rh1 e5 25. d5 Rd8 26. dxc6 Rxd2 27. Nd1 Rxc2
28. Ne3 Rxf2 29. Raf1 Rb2 30. Rxf5 Rxb3 31. Nxg4 Nxa4 32. Rxe5 a5 33. Rxa5 Nc3
34. Rf1 Kg6 35. Ne5+ Kg7 36. Rxf7+ Kg8 37. Ra8+ 1-0

[Event "DVM U14w 2015"]
[Site "Magdeburg GER"]
[Date "2015.12.29"]
[Round "6"]
[White "Schneider, Xenia"]
[Black "Kirsten, Annika"]
[Result "0-1"]
[Termination "normal"]
[Board "6.1"]
[WhiteElo "1306"]
[BlackElo "1329"]
[WhiteTeam "SK Endingen"]
[BlackTeam "Cöthener FC Germania 03"]
[PlyCount "108"]
[WhiteFideId "12911984"]
[BlackFideId "12961124"]
[EventCountry "GER"]
[EventRounds "7"]
[EventType "team-swiss"]
[EventDate "2015.12.26"]

1. e4 e6 2. Nf3 d5 3. exd5 exd5 4. d4 Nf6 5. Nc3 Bb4 6. Bd2 O-O 7. Be2 Nc6 8.
O-O Bxc3 9. bxc3 Ne4 10. c4 dxc4 11. Bxc4 Nxd4 12. Be3 Ne6 13. Nd2 Nxd2 14.
Qxd2 Qxd2 15. Bxd2 Nd4 16. Bd3 Bf5 17. Bxf5 Nxf5 18. Bf4 Nd4 19. Bxc7 Nxc2 20.
Rab1 b6 21. Rfd1 Na3 22. Rb3 Nc4 23. Rd4 Na5 24. Rh3 Rac8 25. Bf4 Rfd8 26.
Rxd8+ Rxd8 27. g3 Rd1+ 28. Kg2 Ra1 29. Rh4 Rxa2 30. Bb8 a6 31. Rd4 h6 32. Bc7
b5 33. Rd8+ Kh7 34. Bxa5 Rxa5 35. Rb8 Ra3 36. h4 Ra4 37. Kh3 b4 38. f3 a5 39.
g4 Ra3 40. Kg3 b3 41. g5 a4 42. Rb7 hxg5 43. hxg5 Kg6 44. Kg4 Ra2 45. Rb6+ f6
46. gxf6 gxf6 47. f4 Rf2 48. Rb5 b2 49. f5+ Rxf5 50. Rxf5 b1=Q 51. Rf4 Qg1+ 52.
Kf3 Qf1+ 53. Ke3 Qxf4+ 54. Kxf4 a3 0-1

[Event "DVM U14w 2015"]
[Site "Magdeburg GER"]
[Date "2015.12.29"]
[Round "6"]
[White "Kümmel, Tina"]
[Black "Wagner, Lena"]
[Result "0-1"]
[Termination "normal"]
[Board "6.2"]
[WhiteElo "1371"]
[BlackElo "1057"]
[WhiteTeam "Cöthener FC Germania 03"]
[BlackTeam "SK Endingen"]
[PlyCount "106"]
[WhiteFideId "12979368"]
[BlackFideId "12983470"]
[EventCountry "GER"]
[EventRounds "7"]
[EventType "team-swiss"]
[EventDate "2015.12.26"]

1. Nf3 d5 2. g3 Nf6 3. Bg2 Bg4 4. O-O Nc6 5. d3 e5 6. Nbd2 Bc5 7. e4 dxe4 8.
dxe4 O-O 9. c3 Qd7 10. Qc2 Rad8 11. Nb3 Bb6 12. Bg5 Qd3 13. Qxd3 Rxd3 14. Nh4
Nd7 15. h3 h6 16. Bd2 Be6 17. Nf3 Bxb3 18. axb3 Nc5 19. Rfe1 Nxb3 20. Rad1 Rfd8
21. Re2 Ba5 22. Kf1 b5 23. Re3 Nxd2+ 24. Nxd2 Rxd2 25. Rxd2 Rxd2 26. Re2 Rxe2
27. Kxe2 b4 28. c4 Nd4+ 29. Kd3 b3 30. f4 Nc2 31. Bf1 exf4 32. gxf4 Nb4+ 33.
Kc3 Nd5+ 34. Kxb3 Nxf4 35. Ka4 Bb6 36. b4 c5 37. b5 Kf8 38. Kb3 Ke7 39. Kc2 Ke6
40. Kd2 Ke5 41. Ke3 Ne6 42. Bg2 Ng5 43. Kd3 f5 44. exf5 Kxf5 45. Ke3 Ne6 46.
Kf3 Nd4+ 47. Kg3 Ne2+ 48. Kf3 Nf4 49. Bf1 g5 50. Kg3 h5 51. Kf3 g4+ 52. hxg4+
hxg4+ 53. Kg3 Kg5 0-1

[Event "DVM U14w 2015"]
[Site "Magdeburg GER"]
[Date "2015.12.29"]
[Round "6"]
[White "Reinbold, Sorah Marie"]
[Black "Buchheim, Luise"]
[Result "0-1"]
[Termination "normal"]
[Board "6.3"]
[WhiteElo "917"]
[BlackElo "1112"]
[WhiteTeam "SK Endingen"]
[BlackTeam "Cöthener FC Germania 03"]
[PlyCount "144"]
[WhiteFideId "12983497"]
[BlackFideId "16217179"]
[EventCountry "GER"]
[EventRounds "7"]
[EventType "team-swiss"]
[EventDate "2015.12.26"]

1. e4 e5 2. Nf3 Nc6 3. Bc4 Bc5 4. c3 d6 5. d4 Bb6 6. d5 Nce7 7. Bg5 h6 8. Bh4
Qd7 9. Nbd2 Ng6 10. Bg3 Nf6 11. a4 a6 12. b4 Qd8 13. b5 axb5 14. Bxb5+ Bd7 15.
c4 Ba5 16. Rb1 Rb8 17. Rb2 Nxe4 18. O-O Nxg3 19. hxg3 Bxb5 20. cxb5 Bxd2 21.
Qxd2 Ra8 22. a5 O-O 23. Qd3 Rxa5 24. Nd2 Ra8 25. Nc4 Re8 26. b6 Ne7 27. Re1
cxb6 28. Rxb6 Ng6 29. Rxd6 Qg5 30. Rb6 Re7 31. d6 Rd7 32. Qd5 Ra7 33. Rb5 Kh7
34. Nxe5 Nxe5 35. Rxe5 Qg6 36. Rb6 Qf6 37. Qd3+ Qg6 38. Qxg6+ fxg6 39. Re7 Rxe7
40. dxe7 Ra8 41. Rxb7 Re8 42. Kf1 Kg8 43. Ke2 Kf7 44. Kf3 Rxe7 45. Rxe7+ Kxe7
46. Kg4 Kf6 47. f4 h5+ 48. Kf3 Kf5 49. Ke3 Kg4 50. Kf2 g5 51. fxg5 Kxg5 52. Kf3
Kf5 53. Ke3 Kg4 54. Kf2 g5 55. Kg1 Kxg3 56. Kf1 Kh2 57. Kf2 g4 58. Kf1 g3 59.
Ke2 Kxg2 60. Ke3 h4 61. Ke2 h3 62. Ke3 h2 63. Ke2 h1=Q 64. Ke3 Kf1 65. Kd4 g2
66. Ke5 g1=R 67. Kd4 Qh3 68. Ke4 Rg4+ 69. Kf5 Ra4+ 70. Kg5 Qf3 71. Kg6 Rg4+ 72.
Kh5 Qh3# 0-1

[Event "DVM U14w 2015"]
[Site "Magdeburg GER"]
[Date "2015.12.29"]
[Round "6"]
[White "Wesselly, Luisa"]
[Black "Henninger, Claire"]
[Result "1-0"]
[Termination "normal"]
[Board "6.4"]
[WhiteElo "966"]
[BlackElo "747"]
[WhiteTeam "Cöthener FC Germania 03"]
[BlackTeam "SK Endingen"]
[PlyCount "141"]
[WhiteFideId "16217187"]
[BlackFideId "16200659"]
[EventCountry "GER"]
[EventRounds "7"]
[EventType "team-swiss"]
[EventDate "2015.12.26"]

1. e4 c6 2. Nf3 d5 3. exd5 cxd5 4. d4 Nc6 5. Nc3 Nf6 6. Bb5 Bf5 7. Bf4 e6 8. a3
Bd6 9. Bg3 Bxg3 10. hxg3 O-O 11. Bxc6 bxc6 12. Ne5 Qd6 13. g4 Be4 14. f3 c5 15.
g5 Bxc2 16. Qxc2 cxd4 17. gxf6 g6 18. Qd2 Qxe5+ 19. Kd1 h5 20. g4 dxc3 21. bxc3
Qxf6 22. gxh5 Qxf3+ 23. Kc2 Qe4+ 24. Qd3 Qxd3+ 25. Kxd3 Rfd8 26. Rag1 Kg7 27.
Rh3 e5 28. Rh4 Rd6 29. Rf1 Rh8 30. Rfh1 gxh5 31. Rxh5 Rxh5 32. Rxh5 Kf6 33. Rh1
Kf5 34. Rf1+ Ke6 35. Rh1 d4 36. c4 Ra6 37. Ra1 Kd6 38. a4 Ra5 39. Ra3 f5 40.
Ke2 Kc5 41. Kd3 e4+ 42. Kd2 Kxc4 43. Ra1 e3+ 44. Ke2 Kc3 45. Rc1+ Kb3 46. Kd3
Kb4 47. Kxd4 Rxa4 48. Kxe3 Kb5 49. Rd1 Kc5 50. Rc1+ Rc4 51. Rg1 Re4+ 52. Kf3 a5
53. Rb1 Kd4 54. Rb5 Re5 55. Rb1 f4 56. Kxf4 Re4+ 57. Kf5 Kd3 58. Ra1 a4 59.
Ra3+ Kd4 60. Rxa4+ Kd5 61. Rxe4 Kd6 62. Re5 Kc6 63. Ke6 Kb6 64. Rd5 Kc6 65. Ke5
Kc7 66. Rd6 Kb7 67. Kd5 Kc7 68. Kc5 Kb7 69. Rc6 Kb8 70. Kb6 Ka8 71. Rc8# 1-0